000 00679nam a2200241Ia 4500
003 OSt
005 20220918174921.0
006 a|||||r|||| 00| 0
007 ta
008 220917b |||||||| |||| 00| 0 eng d
024 _a14,740
037 _cTextual
040 _aARTS
_cARTS
_beng
041 _2eng
_aeng
082 _aO111:g, N7
100 _aKar Prafulla C Ed.
245 0 _aCritical theory western and Indian
_b Essays presented to Prof. V V Kantak
260 _aDelhi
_bPencraft International
_c1997
300 _a251p.
_ccm.
650 _aENGLISH LITERATURE
942 _hO111:g, N7
_cTEXL
_2CC
999 _c155217
_d155217